000 00536nam a2200193Ia 4500
005 20250508162040.0
008 008 250505s9999 xx 000 0 eng d
037 _aReference
040 _aFEDL
_beng
_cFEDL
041 _aeng
_2eng
084 _a155.413, PIA
_qFEDL
100 _aGruber Howard E
245 0 _aEssential piaget
260 _aLondon, UK
_bRoutledge and Kegan Paul
_c1977
300 _axlii,881p.
700 _a Voneche J Jacques
_9772145
942 _cREF
_h155.413, PIA
999 _c1374062
_d1374062